000 00803cpcaa2200229 4500
001 mm 79004276
003 DLC
005 20260227111645.0
008 790423|||||||||||| eng
010 _amm 79004276
040 _aDLC
_cDLC
_edacs
_dDLC
072 7 _aN
_2lcmd
111 2 _aDemocratic National Convention.
245 0 0 _aDemocratic National Convention records,
_f1832-circa 1900.
300 _a6
_fitems.
506 _aOpen to research.
546 _aCollection material in English.
580 _aForms part of: Miscellaneous Manuscripts collection.
610 2 0 _aDemocratic Party (U.S.)
651 0 _aUnited States
_xPolitics and government
_y19th century.
999 _c41475
_d41475